| 000 | 07356nam a2200337 4500 | ||
|---|---|---|---|
| 001 | 114337 | ||
| 003 | DR-UNIBE | ||
| 005 | 20260302113040.0 | ||
| 008 | 260127b2007 dr ||||| |||| 00| 0 spa d | ||
| 020 | _a9789945161137 | ||
| 040 |
_aBIBLIOTECA UNIBE _bspa _cBIBLIOTECA UNIBE _erda |
||
| 041 | _aspa | ||
| 082 | _aRD 972.93054 R139m 2007 | ||
| 100 | 1 | 0 |
_aRaful Tejada, Tony, _d1951- _924120 _eautor |
| 245 | 1 | 0 |
_aMovimiento 14 de Junio : _bhistoria y documentos / _cTony Raful |
| 250 | _aSegunda edición | ||
| 260 |
_aSanto Domingo : _bBúho, _c2007 |
||
| 300 |
_a 780 páginas : _bfotos b/n ; _c22 x 15 cm |
||
| 500 | _aInformación del autor y comentario de la obra en las solapas, comentario de la obra en la contraportada | ||
| 505 | _aPresentación a la segunda edición | Capítulo I. En el día de reyes del año 1959 comienza a gestarse movimiento conspirativo en casa de Yuyo D' Alessandro | Capítulo II. El sabotaje impide éxito del factor sorpresa y reconocimiento de gobierno en armas | Capítulo III. Fidel Castro se iba a unir a los héroes del 14 de junio. Lucha interna o Trujillo siempre | Capítulo IV. El ejemplo de junio de 1959 despertó conciencias | Capítulo V. La pequeña llama de Salcedo enciende la pradera. Habla el Ing. Francisco González, Pachico | Capítulo VI. "El complot develado" redactado en una silla eléctrica | Capítulo VII. Radio Caribe truena en medio de negros nubarrones | Capítulo VIII. Ramfis Trujillo llama "señoritos de alta suciedad" a los jóvenes del Movimiento 14 de Junio, 105 | Capítulo IX. Marcos Pérez Collado entrega documentos clave a la embajada norteamericana y se asila | Capítulo X. Minerva, Patria y María Teresa Mirabal "cayeron para volverse eternas" , 131. Capítulo XI. La comedia del MPD termina en masacre. La cárcel hace hermanos catorcistas y emepedeistas | Capítulo XII. Etapa legal del 1J4. Eligen a Manolo Presidente | Capítulo XIII. 14 de Junio envía miembros a estudiar a Costa Rica | Capítulo XIV. Muchachada proclama territorio libre calle Espaillat 20 de octubre de 1961 | Capítulo XV. Manolo y Viriato van a Washington, regresan en medio de una apoteosis popular. 14 de Junio pide gobierno de unidad nacional | Capítulo XVI. Renuncian los "cívicos" de 1J4. 14 de Junio explica salida de directivos | Capítulo XVII. ¿Quiénes y por qué matan a Johnny Abbes García, el verdugo del Movimiento Clandestino 14 de Junio? | Capítulo XVIII. Relato conmovedor de hermana de un desaparecido | Capítulo XIX. 14 de junio de 1962, Manolo proclama: iremos a la escarpadas montañas de Quisqueya | Capítulo XX. Juicio a los asesinos de las Miraba | Capítulo XXI. Ley de Emergencia, consejo deporta catorcistas Vinicio Echavarría, Frank Carvajal, Juan Miguel Román. Buscan a Leandro Guzmán, Máximo Bernard | Capítulo XXII. Delio Gómez pidió permiso para venir a pelear en 1965 | Capítulo XXIII. Se divide 14 de Junio, fundan partido. Manolo responde | Capítulo XXXIV. A la plaza Valerio, Manolo asiste vestido de verde olivo | Capítulo XXVI. Catorcistas dan la victoria a Juan Bosch. Votos verdes y negros se depositan a favor del PRD | Capítulo XXVI. Misterioso organismo dirige 1J4 | Capítulo XXVII. 14 de junio de 1963, Manolo dice que está dispuesto a morir en la cruz del sacrificio | Capítulo XXVIII. El 16 de julio de 1963, Manolo llama al Presidente Bosch para felicitarlo; sólo puede hablar con Jacobo Majluta. Bosch le dice al Dr. Cordero Michel: "El golpe será contra ustedes" | Capítulo XXIX. Tragedia nacional. Golpe de Estado 25 de septiembre. Manolo intercepta conversación telefónica Bosch | Capítulo XXX. Congreso Nacional clandestino proclama Presidente al doctor Juan Casanovas Garrido; 14 de Junio apoya decisión | Capítulo XXXI. Pausa. Acotaciones a Melvin Máñon a propósito de los héroes cita Poeta Nacional Pedro Mir | Capítulo XXXII. Estudiantes emplazan a Viriato Fiallo | Capítulo XXXIII. Inician preparativos insurrección noviembre | Capítulo XXXIV. Capitán del Ejército Nacional se reúne con Manolo. Promete apoyo a guerrillas | Capítulo XXXV. Primer teniente piloto Hugo Román Peralta declara: "me niego a bombardear a mis hermanos del 1J4 | Capítulo XXXVI. Dispersan a tiros frente Gregorio Luperón. Capturan a Juan Miguel Román | Capítulo XXXVIS. Domingo 15 de diciembre, desgracia en Lomas de Miches, Luis Genao Espaillat responde a sus críticos y revela su amor por el 14 de Junio | Capítulo XXXVIII. El eslabón perdido, al fin, encontrado. Triunvirato engaña al Presidente Johnson, obtiene reconocimiento y ordena muerte de Manolo | Capítulo XXXIX. Se desploma frente urbano. Fidelio convence a Manolo y marcha a una misión de contacto | Capítulo XL. ¿Cómo murió Manolo? | Capítulo XLI. Coronel Valdez Hilario dice: "No quiero que la sangre de esos muchachos me salpique mi uniforme". Informe del doctor Espaillat Cabral | Capítulo XLII. Responsabilidades en la tragedia de Las Manaclas | Capítulo XLIII . 14 de Junio entierra a sus muertos. Emma Tavares Justo le pide una nueva cita a la historia | Capítulo XLIV. Entrevista al general Ramiro Matos | Capítulo XLV. Ing. Leandro Guzmán explica razones por las cuales fracasó insurrección | Capítulo XLVI. El doctor Juan B. Mejía acusa a la infraestructura del fracaso guerrillero y de practicar el oportunismo de izquierda | Capítulo XLVII. Presa en San Cristóbal, Picky Lora habló con capitán Calderón | Capítulo XLVIII. Supuesta carta de revolucionaria venezolana residente en Cuba, acusa a Fafa Tavera de seducción y engaño, pide castigo revolucionario | Capítulo XLIX. Sensacionales revelaciones de Mario Fernández Muñoz: Wessin hizo proposiciones al 14 de Junio; confirman reunión del capitán Calderón con Manolo en iglesia de Constanza | Capítulo L. Oscar Santana dirige sector 1J4 en conspiración del 24 de abril | Capítulo LI. Hieren comandante Pedro Bonilla (1J4) en combate 15 de junio; se cubre de gloria Norge Botello (1J4) peleando cuerpo a cuerpo con soldados invasores en patios y callejones de Villa Francisca | Capítulo LII. Asesinan a comandante Oscar Santana, el 14 de Junio pierde a uno de sus más puros dirigentes | Capítulo LIII. Héctor Aristy profetiza en 1965 que detrás de García Godoy viene al poder Joaquín Balaguer; 14 de Junio no acepta fórmula García Godoy | Capítulo LIV. 14 de Junio aprueba en 1966 autocritica severa sobre la insurrección guerrillera | Capítulo LV. 20 Conclusiones definitivas y una esperanza latente: la figura de Manolo crecerá con el tiempo | Anexos | Citas | Bibliografía | Índice onomástico | ||
| 600 | 7 |
_2lemb _aTavárez Justo, Manuel Aurelio (Manolo), _d1931-1963 _9162915 _xVida política |
|
| 650 | 7 |
_2lemb _aMovimiento 14 de junio _9202833 |
|
| 651 | 7 |
_2lemb _a República Dominicana _xPolítica y gobierno |
|
| 651 | 7 |
_2lemb _aRepública Dominicana _xHistoria _yEra de Trujillo 1930-1961 _926200 |
|
| 700 | 1 | 0 |
_a Díaz Vólquez, Luis Orlando _9201869 _ecuidado de la edición |
| 700 | 1 | 0 |
_aPérez Pérez, Milvio Bernardo, _d1939- _962989 _efotógrafo |
| 700 | 1 | 0 |
_aMejía, Gonzalo _9201870 _efotógrafo |
| 700 | 1 | 0 |
_aEstévez, Wanda _9145643 _ediseñador _ediagramador |
| 700 | 1 | 0 |
_aDíaz, Rubén _9201871 _ediseñador de portada |
| 942 |
_2ddc _cBK |
||
| 999 |
_c114337 _d114337 |
||